Slovenská záručná a rozvojová banka výročná správa 1999
Salvato in:
| Natura: | Libro |
|---|---|
| Lingua: | slovacco inglese |
| Pubblicazione: |
Bratislava
Slovenská záručná a rozvojová banka
[2000]
|
| Soggetti: | |
| Tags: |
Nessun Tag, puoi essere il primo ad aggiungerne!!
|
MARC
| LEADER | 00000nam a2200000 4500 | ||
|---|---|---|---|
| 001 | c119582 | ||
| 005 | 20240104101132.7 | ||
| 041 | 0 | |a slo | |
| 041 | 0 | |a eng | |
| 044 | |a SK | ||
| 245 | 1 | 0 | |a Slovenská záručná a rozvojová banka |b výročná správa 1999 |
| 264 | 1 | |a Bratislava |b Slovenská záručná a rozvojová banka |c [2000] | |
| 300 | |a 46 s. | ||
| 610 | 2 | 0 | |a banky |
| 610 | 2 | 0 | |a manažment |
| 610 | 2 | 0 | |a vývoj hospodársky |
| 610 | 2 | 0 | |a hospodárenie podnikové |
| 610 | 2 | 0 | |a hospodárenie finančné |
| 610 | 2 | 0 | |a výsledok hospodársky |
| 610 | 2 | 0 | |a vzťahy hospodárske vonkajšie |
| 610 | 2 | 0 | |a prognózy podnikové |